000 00891nam0a22002651 4500
001 RU\NLR\INFOCOMM16\ROSSICA\1000466637
005 20030422155210.0
035 _a(NLR Aleph) 009962869
090 _a9609779
_c9609779
100 _a20030422d1841 u y0rusy50 ca
101 0 _ager
102 _aRU
105 _ay ||||000ay
200 1 _aGeschichte Schirwans von 1538-1820
_fDorn, Bernh.
210 _aSt.Petersburg
_d1841
215 _d
300 _aBeiträge zur Geschichte der kaukasischen Länder und Völker II
488 0 _12001#$aGeschichte der kaukasischen Länder und Völker$vII
_tGeschichte der kaukasischen Länder und Völker
700 1 _4070
_7ba
_8rus
_aDorn
_bB. A.
_f1805-1881
_gBoris Andreevič
_9269270
_3RU\NLR\AUTH\770269326
801 0 _aRU
_bNLR
_gPSBO
801 1 _aRU
_bInfoComm
_c20030422
852 _aNLR
_j13.9.5.2
942 _cBOOK
980 _aNB